00540nam a2200169 a 4500008004100000100002100041245007900062260004200141300004200183440003400225504004100259650002400300700001900324003000100343005001700344040000900361 1 aSokal, Robert R.10aPrinciples of numerical taxonomy/cby Robert R. Sokal, Peter H. A. Sneath. aSan Francisco. :bW.H. Freeman,c1963 axvi, 359 p. :bill, diagrs. ;c25 cm. aA Series of books in biology. aIncludes bibliographical references. 0aNumerical taxonomy.1 aSneath, P.H.A.20230123133222.0 cNUST